Mechanical and dynamic mechanical properties of tyre tread cap compounds based on NR/BR/SBR triblends (Record no. 47191)
[ view plain ]
| 000 -LEADER | |
|---|---|
| fixed length control field | 01663nam a2200253Ia 4500 |
| 100 ## - MAIN ENTRY--AUTHOR NAME | |
| Personal name | Manoj N R |
| 245 #0 - TITLE STATEMENT | |
| Title | Mechanical and dynamic mechanical properties of tyre tread cap compounds based on NR/BR/SBR triblends |
| 260 ## - PUBLICATION, DISTRIBUTION, ETC. (IMPRINT) | |
| Name of publisher | Indian Journal of Natural Rubber Research |
| Year of publication | 1994 |
| 300 ## - PHYSICAL DESCRIPTION | |
| Number of Pages | 16-Sep |
| 520 ## - SUMMARY, ETC. | |
| Summary, etc | This paper deals with the effect of proportion of styrene-butadiene rubber (SBR) on the static and dynamic mechanical properties of NR/BR/SBR triblends. Attempts have also been made to optimise the accelrator-sulphur system for the blends. The effect of incorporation of a higher structure black with the triblend was also studied. Introducing styrene-butadiene rubber into the mix containing a blend of NR/BR improved static, dynamic as well as age resistance properties. A proportion of 15 phr of SBR was found to impart the best balance of technical properties. Semi-efficient vulcanization system with a sulphur to accelerator ratio of 2:1.2 gave the best balance of technical properties and dynamic mechanical properties for the triblend containing 15 phr of SBR. Increased structure of the carbon black in the mix increased loss modulus but improved flex fatigue properties and abrasion resistance of the triblend. |
| 650 ## - SUBJECT ADDED ENTRY--TOPICAL TERM | |
| Topical Term | Mechanical properties |
| 650 ## - SUBJECT ADDED ENTRY--TOPICAL TERM | |
| Topical Term | Mechanical properties |
| 650 ## - SUBJECT ADDED ENTRY--TOPICAL TERM | |
| Topical Term | Natural rubber |
| 650 ## - SUBJECT ADDED ENTRY--TOPICAL TERM | |
| Topical Term | Natural rubber |
| 650 ## - SUBJECT ADDED ENTRY--TOPICAL TERM | |
| Topical Term | NR/BR/SBR triblend |
| 650 ## - SUBJECT ADDED ENTRY--TOPICAL TERM | |
| Topical Term | NR/BR/SBR triblend |
| 650 ## - SUBJECT ADDED ENTRY--TOPICAL TERM | |
| Topical Term | Tyre tread compound |
| 650 ## - SUBJECT ADDED ENTRY--TOPICAL TERM | |
| Topical Term | Tyre tread compound |
| 700 ## - ADDED ENTRY--PERSONAL NAME | |
| Personal name | Mohamed P K |
| 700 ## - ADDED ENTRY--PERSONAL NAME | |
| Personal name | Nando Golak B |
| 700 ## - ADDED ENTRY--PERSONAL NAME | |
| Personal name | Varkey T D |
| 942 ## - ADDED ENTRY ELEMENTS (KOHA) | |
| Koha item type | Articles |
| Withdrawn status | Lost status | Damaged status | Not for loan | Home library | Current library | Shelving location | Date acquired | Serial Enumeration / chronology | Koha item type |
|---|---|---|---|---|---|---|---|---|---|
| Articles | RRII Library | RRII Library | Rubber technology | 20/12/2021 | Volume 7, Issue 1 | Articles |